000
00285nam a22001217a 4500
008
180921b xxu||||| |||| 00| 0 eng d
041
_a
eng
080
_2
2nd
_a
610
100
_a
3
101
_a
SHM
245
_a
Guides to the Evaluation of Permanent Impairment
_c
AMA
942
_2
udc
_c
BK
999
_c
48198
_d
48198